[Právo]
Z obsahu: Trh právnych služieb má k ideálu ďaleko. Ten, kto korumpuje, sa komore sťažovať nechodí. Najlepšia reklama je podľa právnikov spokojný klient. Cesta k profesijnému honoru je aj skúškou charakteru. Systém bezplatných právnych služieb je zrelý na revíziu. Antipatie k zahraničným právnikom uz...
Saved in:
| Main Author: | |
|---|---|
| Other Authors: | , , |
| Format: | Book Chapter |
| Language: | Slovak |
| Subjects: | |
| Tags: |
No Tags, Be the first to tag this record!
|
MARC
| LEADER | 00000naa a2200000 4500 | ||
|---|---|---|---|
| 001 | r049639 | ||
| 005 | 20230921115102.1 | ||
| 041 | 0 | |a slo | |
| 044 | |a SK | ||
| 245 | 1 | 0 | |a [Právo] |c Rado Baťo, Konštantín Čikovský, Zuzana Fričová, Branislav Sobinkovič |
| 520 | |a Z obsahu: Trh právnych služieb má k ideálu ďaleko. Ten, kto korumpuje, sa komore sťažovať nechodí. Najlepšia reklama je podľa právnikov spokojný klient. Cesta k profesijnému honoru je aj skúškou charakteru. Systém bezplatných právnych služieb je zrelý na revíziu. Antipatie k zahraničným právnikom uzavrie vstup do EÚ. | ||
| 610 | 2 | 0 | |a právo |
| 610 | 2 | 0 | |a služby |
| 610 | 2 | 0 | |a korupcia |
| 610 | 2 | 0 | |a reklama |
| 610 | 2 | 0 | |a klienti |
| 610 | 2 | 0 | |a spokojnosť zákazníkov |
| 100 | 1 | |a Baťo, Rado | |
| 700 | 1 | |a Čikovský, Konštantín | |
| 700 | 1 | |a Fričová, Zuzana | |
| 700 | 1 | |a Sobinkovič, Branislav | |